00357nam a2200145Ia 4500003000400000005001700004008004100021020001800062040002900080050002300109100001700132245002200149260002800171650001200199OSt20230412103448.0221221s9999 xx 000 0 und d a0-536-97113-7 cChuka University Library aPE 1408b.T75 2005 aTRIMBUR,JOHN 4aTHE CALL TO WRITE aNEW YORKbPEARSONc2005 aWRITING